<?xml version="1.0" encoding="UTF-8"?>
<record
    xmlns:xsi="http://www.w3.org/2001/XMLSchema-instance"
    xsi:schemaLocation="http://www.loc.gov/MARC21/slim http://www.loc.gov/standards/marcxml/schema/MARC21slim.xsd"
    xmlns="http://www.loc.gov/MARC21/slim">

  <leader>01860nam a2200301 a 4500</leader>
  <controlfield tag="001">000024434</controlfield>
  <controlfield tag="005">20250311111645.0</controlfield>
  <controlfield tag="008">110127s2002    mx      r     000 | spa d</controlfield>
  <datafield tag="020" ind1=" " ind2=" ">
    <subfield code="a">9686755322</subfield>
  </datafield>
  <datafield tag="040" ind1=" " ind2=" ">
    <subfield code="a">DO-SdBNP</subfield>
    <subfield code="b">spa</subfield>
    <subfield code="c">BNPHU</subfield>
  </datafield>
  <datafield tag="082" ind1=" " ind2=" ">
    <subfield code="a">300.72</subfield>
    <subfield code="b">R579a</subfield>
  </datafield>
  <datafield tag="245" ind1="0" ind2="3">
    <subfield code="a">Por los rincones :</subfield>
    <subfield code="b">antolog&#xED;a de m&#xE9;todos cualitativos en la investigaci&#xF3;n social /</subfield>
    <subfield code="c">compilados por Catalina A. Denman, Jes&#xFA;s Armando Haro; edici&#xF3;n de In&#xE9;s Mart&#xED;nez de Castro N.</subfield>
  </datafield>
  <datafield tag="260" ind1=" " ind2=" ">
    <subfield code="a">Hermosillo, M&#xE9;xico :</subfield>
    <subfield code="b">El Colegio de Sonora,</subfield>
    <subfield code="c">2002.</subfield>
  </datafield>
  <datafield tag="300" ind1=" " ind2=" ">
    <subfield code="a">362 p. ;</subfield>
    <subfield code="c">22 cm.</subfield>
  </datafield>
  <datafield tag="490" ind1="1" ind2=" ">
    <subfield code="a">El Colegio de Sonora</subfield>
  </datafield>
  <datafield tag="500" ind1=" " ind2=" ">
    <subfield code="a">Incluye referencias bibliogr&#xE1;ficas</subfield>
  </datafield>
  <datafield tag="505" ind1="0" ind2=" ">
    <subfield code="t">Introducci&#xF3;n: trayectoria y desvar&#xED;os de los m&#xE9;todos cualitativos en la investigaci&#xF3;n social /</subfield>
    <subfield code="r">Catalina A. Denman y Jes&#xFA;s Armando Haro</subfield>
    <subfield code="t">El rigor en la investigaci&#xF3;n de la salud: hacia un desarrollo conceptual /</subfield>
    <subfield code="r">John W. Ratcliffe y Amalia Gonz&#xE1;lez -Del-Valle</subfield>
    <subfield code="t">Paradigma en competencia en la investigaci&#xF3;n cualitativa /</subfield>
    <subfield code="r">Egon G. Guba e Yvonna S. Lincoln</subfield>
    <subfield code="t">Un punto de vista interpretativo /</subfield>
    <subfield code="r">Norman K. Denzin</subfield>
    <subfield code="t">El paradigma etnogr&#xE1;fico /</subfield>
    <subfield code="r">Peggy Reeves Sandy</subfield>
    <subfield code="t">La danza del dise&#xF1;o de investigaci&#xF3;n cualitativa: met&#xE1;fora, metodolatr&#xED;a y significado /</subfield>
    <subfield code="r">Valerie J. Janesick</subfield>
    <subfield code="t">M&#xE9;todos para el manejo y el an&#xE1;lisis de datos /</subfield>
    <subfield code="r">A. Michael Huberman y Matthew B. Miles</subfield>
    <subfield code="a">Bibliograf&#xED;a sobre investigaci&#xF3;n cualitativa</subfield>
  </datafield>
  <datafield tag="650" ind1=" " ind2="4">
    <subfield code="a">Investigaci&#xF3;n social</subfield>
    <subfield code="9">14499</subfield>
  </datafield>
  <datafield tag="650" ind1=" " ind2="0">
    <subfield code="a">Ciencias sociales --</subfield>
    <subfield code="x">Metodolog&#xED;a </subfield>
    <subfield code="9">7482</subfield>
  </datafield>
  <datafield tag="650" ind1=" " ind2="4">
    <subfield code="a">Ciencias sociales</subfield>
    <subfield code="x">Investigaciones</subfield>
    <subfield code="9">2113</subfield>
  </datafield>
  <datafield tag="650" ind1=" " ind2="4">
    <subfield code="a">Investigaci&#xF3;n cualitativa</subfield>
    <subfield code="9">50089</subfield>
  </datafield>
  <datafield tag="700" ind1="1" ind2=" ">
    <subfield code="a">Catalina A. Denman</subfield>
    <subfield code="e">comp.</subfield>
    <subfield code="9">50090</subfield>
  </datafield>
  <datafield tag="700" ind1="1" ind2=" ">
    <subfield code="a">Jes&#xFA;s Armando Haro</subfield>
    <subfield code="e">comp.</subfield>
    <subfield code="9">50091</subfield>
  </datafield>
  <datafield tag="700" ind1="1" ind2=" ">
    <subfield code="a">Mart&#xED;nez de Castro N., In&#xE9;s</subfield>
    <subfield code="e">ed.</subfield>
    <subfield code="9">50092</subfield>
  </datafield>
  <datafield tag="710" ind1="2" ind2=" ">
    <subfield code="a">Universidad de Guadalajara</subfield>
    <subfield code="9">50093</subfield>
  </datafield>
  <datafield tag="830" ind1=" " ind2="3">
    <subfield code="a">El Colegio de Sonora</subfield>
    <subfield code="9">50094</subfield>
  </datafield>
  <datafield tag="049" ind1=" " ind2=" ">
    <subfield code="a">BNGR</subfield>
  </datafield>
  <datafield tag="952" ind1=" " ind2=" ">
    <subfield code="0">0</subfield>
    <subfield code="1">0</subfield>
    <subfield code="5">4</subfield>
    <subfield code="7">0</subfield>
    <subfield code="8">MO</subfield>
    <subfield code="a">GR</subfield>
    <subfield code="b">GR</subfield>
    <subfield code="c">CT</subfield>
    <subfield code="d">2011-01-27</subfield>
    <subfield code="i">LF1</subfield>
    <subfield code="l">0</subfield>
    <subfield code="o">300.72 R579a</subfield>
    <subfield code="p">24434-10</subfield>
    <subfield code="r">2020-06-25</subfield>
    <subfield code="w">2020-06-25</subfield>
    <subfield code="y">4</subfield>
    <subfield code="Z">Pr&#xE9;stamo en sala</subfield>
  </datafield>
  <datafield tag="999" ind1=" " ind2=" ">
    <subfield code="c">23927</subfield>
    <subfield code="d">23927</subfield>
  </datafield>
</record>
